التاريخ العسكرى العثمانى الاول / (Record no. 63482)
[ view plain ]
| 000 -الفاتح | |
|---|---|
| حقل البيانات ثابتة الطول | 01011nam a22002177a 4500 |
| 005 - وقت وتاريخ اخر تعامل مع التسجيلة | |
| رقم الضبط | 20240530110643.0 |
| 008 - عناصر البيانات ثابتة الطول - معلومات عامة | |
| حقل البيانات ثابتة الطول | 171029s2016 ua g 000 0 ara d |
| 017 ## - رقم الايداع القانونى | |
| رقم الايداع القانونى | 2015/9040 |
| المصدر ( الهيئة المختصة) | مصر. دار الكتب |
| 020 ## - الرقم الدولى المعيارى للكتب | |
| الرقم الدولى المعيارى للكتاب | 9789773506490 |
| 040 ## - مصدر الفهرسة | |
| وكالة الفهرسة الأصلية | EG-CaGPL |
| وكالة النسخ | EG-CaGPL |
| 082 04 - رقم تصنيف ديوى العشرى | |
| رقم الطبعة | 21 |
| رقم التصنيف | 953.09\ |
| رقم المادة | م ت |
| 100 0# - المدخل الرئيسى - إسم شخصى | |
| الإسم الشخصى | محمد حسن العيدروس . |
| 245 12 - بيان العنوان | |
| العنوان | التاريخ العسكرى العثمانى الاول / |
| بيان المسئوليه,etc | محمد حسن العيدروس . |
| رقم الجزء/قسم العمل | الجزء الاول |
| اسم جزء/قسم العمل | من 1281 م الى 1512 م -- |
| رقم الجزء/قسم العمل | الجزء الثانى |
| اسم جزء/قسم العمل | من1512 م الى 1789 م -- |
| رقم الجزء/قسم العمل | الجزء الثالث |
| اسم جزء/قسم العمل | من 1789 م الى 1924 م |
| 250 ## - بيان الطبعة | |
| بيان الطبعة | ط.1 |
| 300 ## - الوصف المادى | |
| التعداد | 3 جزء ؛ |
| أبعاد الوعاء | 24 سم. |
| 490 0# - بيان السلسلة | |
| عنوان السلسلة | دار العيدروس للكتاب الحديث : موسوعة التاريخ العسكرى |
| 650 07 - المدخل الاضافى بالموضوع-مصطلح موضوعى | |
| مصدر الرأس أو المصطلح | qrmak |
| مصطلح موضوعي | الامبراطورية العثمانية . |
| 942 ## - عناصر المدخل الإضافي( كوها) | |
| مصدر التصنيف او مخطط الترفيف | Dewey Decimal Classification |
| Koha [default] item type | كتاب |
| 260 ## - PUBLICATION, DISTRIBUTION, ETC. (IMPRINT) | |
| -- | القاهرة : |
| -- | دار الكتاب الحديث ، |
| حالة التراجع | حالة الفقد | حالة تلف | ليس للاعارة | المكان المؤقت | الموقع الحالى | موقع الترفيف | تاريخ الاكتساب | اجمالي اﻻعارات | رقم الطلب | الباركود | تاريخ اخر مشاهدة | تاريخ تفعيل السعر | نوع وعاء كوها |
|---|---|---|---|---|---|---|---|---|---|---|---|---|---|
| مكتبة القاهرة الكبرى | مكتبة القاهرة الكبرى | القاعة الرئيسية | 10/29/2017 | 953.09\ م ت ج 1 | 163545 | 10/29/2017 | 10/29/2017 | كتاب | |||||
| مكتبة القاهرة الكبرى | مكتبة القاهرة الكبرى | القاعة الرئيسية | 10/29/2017 | 953.09\ م ت ج 2 | 163546 | 10/29/2017 | 10/29/2017 | كتاب | |||||
| مكتبة القاهرة الكبرى | مكتبة القاهرة الكبرى | القاعة الرئيسية | 10/29/2017 | 953.09\ م ت ج 3 | 163547 | 10/29/2017 | 10/29/2017 | كتاب |

